Estadística aplicada al turismo

Сохранить в:
Библиографические подробности
Главный автор: Raya Vílchez, José María (Автор)
Формат:
Язык:испанский
Опубликовано: Madrid Pearson Educación 2004
Редактирование:1a. ed
Серии:Turismo y Hostelería
Предметы:
Метки: Добавить метку
Нет меток, Требуется 1-ая метка записи!

MARC

LEADER 00000nam a2200000 a 4500
001 UCK9423
003 CL-VaPUC
008 060512e20040000SP |||||||||||||||||spa|d
020 |a 8420540927 
082 0 4 |a 338.4791  |b RAY  |2 21 
100 0 |a Raya Vílchez, José María  |e author  |9 499217 
245 1 0 |a Estadística aplicada al turismo 
250 |a 1a. ed 
300 |a 100 p 
942 |c BK 
945 |d 20060512 00:00:00  |a cmena 
260 |a Madrid  |b Pearson Educación  |c 2004 
650 0 |a Turismo  |9 308920 
650 0 |a Métodos estadísticos   |9 259407 
650 0 |a Estadística matemática  |9 260028 
650 0 |a Industria turística  |9 347913 
583 |a last modification  |c 20060512 00:00:00  |k Rodrigo Vera 
490 0 |a Turismo y Hostelería 
999 |c 316630  |d 316628 
952 |0 0  |1 0  |4 0  |6 338_479100000000000_RAY_2004  |7 0  |8 A  |9 391237  |a BIBGIM  |b BIBGIM  |d 2019-11-22  |i 4229967  |o 338.4791 RAY 2004  |p 4229967  |r 2025-01-15  |w 2019-11-22  |y BK  |k EST 
952 |0 0  |1 0  |4 0  |6 338_479100000000000_RAY_2004  |7 0  |8 A  |9 391238  |a BIBGIM  |b BIBGIM  |d 2019-11-22  |i 4229975  |o 338.4791 RAY 2004  |p 4229975  |r 2025-01-15  |w 2019-11-22  |y BK  |k EST